Professional Athletes to receive Presidential Medal of Freedom - Statistics

General Stats
  • This quiz has been taken 7 times
  • The average score is 14 of 42
Answer Stats
Sport Answer President Years Played Position % Correct
Baseball Frank Robinson W. Bush 1956-1976 OF/Manager
100%
Baseball Jackie Robinson Reagan 1945-1956 2B
100%
Basketball Magic Johnson Biden 1979-2000 PG
100%
Basketball Michael Jordan Obama 1984-2023 SG/SF
100%
Golf Tiger Woods Trump 1996-Present
100%
Baseball Babe Ruth Trump 1914-1935 OF/Pitcher
67%
Baseball Ted Williams H.W. Bush 1939-1960 LF/Manager
67%
Track & Field Jesse Owens Ford 1930's-1940's
50%
Basketball Kareem Abdul-Jabbar Obama 1969-1989 C
50%
Baseball Stan Musial Obama 1941-1963 OF/1B
50%
Baseball Yogi Berra Obama 1946-1965 C/Manager
50%
Tennis Arthur Ashe Clinton 196001980
33%
Football Bear Bryant Reagan 1945-1982 HC
33%
Tennis Billie Jean King Obama 1959-1983
33%
Basketball Bill Russell Obama 1956-1969 C
33%
Golf Jack Nicklaus W. Bush 1961-2005
33%
Decathlon/Multi Sport Jim Thorpe Biden 1910-1928
33%
Swimmer Katie Ledecky Biden 2012-Present
33%
Soccer Lionel Messi Biden 2003-Present Forward
33%
Baseball Mariano Rivera Trump 19952013 Closer
33%
Nascar Richard Petty H.W. Bush 1958-1992 Driver
33%
Baseball Roberto Clemente W. Bush 1955-1972 RF
33%
Gymnastics Simone Biles Biden 2013-Present
33%
Basketball Bob Cousy Trump 1963-1973 PG
17%
Baseball Buck O'Neil W. Bush 1937-1955 1B/Manager
17%
Basketball Dean Smith Obama 1961-1997 HC
17%
Baseball Ernie Banks Obama 1953-1971 SS/1B
17%
Basketball Jerry West Trump 1960-1974 PG
17%
Baseball Joe DiMaggio Ford 1935-1951 CF
17%
Basketball John Wooden W. Bush 1946-1975 HC
17%
Football Roger Staubach Trump 1969-1979 QB
17%
Golf Annika Sorenstam Trump 2002-Present
0%
Golf Arnold Palmer W. Bush 1954-2006
0%
Track & Field Babe Didrikson Zaharias Trump 1932-1956
0%
Hockey Connor Hellebuyck Trump 2014-Present G
0%
Wrestler Dan Gable Trump 1971-1975
0%
Golf Gary Player Trump 1961-Present
0%
Track & Field Jim Ryun Trump 1964-1980
0%
Football Lou Holtz Trump 1969-2004 HC
0%
Soccer Megan Rapinoe Biden 2009-2023 Midfielder/Winger
0%
Basketball Pat Summit Obama 1970-1974 HC
0%
Nascar Roger Penske Trump 1961-Present Driver/Owner
0%
No matching quizzes found
Score Distribution
Percent of People with Each Score
Percentile by Number Answered
Your Score History
You have not taken this quiz